Viaggi della madre Francesca Saverio Cabrini : (Record n. 938)
[ formato base ]
| 000 -LEADER | |
|---|---|
| fixed length control field | 00725cam a2200193 i 4500 |
| 003 - CONTROL NUMBER IDENTIFIER | |
| control field | IT-RoINE |
| 005 - DATE AND TIME OF LATEST TRANSACTION | |
| control field | 20140417132436.0 |
| 008 - FIXED-LENGTH DATA ELEMENTS--GENERAL INFORMATION | |
| fixed length control field | 110624s1935 it a r 000 0dita d |
| 040 ## - CATALOGING SOURCE | |
| Original cataloging agency | USD |
| Transcribing agency | IT-RoINE |
| Modifying agency | IT-RoINE |
| 100 0# - MAIN ENTRY--PERSONAL NAME | |
| 9 (RLIN) | 5556 |
| Personal name | Francisca Javier Cabrini, |
| Titles and other words associated with a name | Santa, |
| Dates associated with a name | 1850-1917 |
| 245 10 - TITLE STATEMENT | |
| Title | Viaggi della madre Francesca Saverio Cabrini : |
| Remainder of title | fondatrice delle Missionarie del Sacro Cuore di Gesù : narrati in varie sue lettere. |
| 260 ## - PUBLICATION, DISTRIBUTION, ETC. (IMPRINT) | |
| Place of publication, distribution, etc | Milano : |
| Name of publisher, distributor, etc | Stab. Pont. Arti Grafiche Sacre Bertarelli, |
| Date of publication, distribution, etc | 1935. |
| 300 ## - PHYSICAL DESCRIPTION | |
| Extent | XIX, 410 p., [1] h. de lám. ; |
| Dimensions | 19 cm. |
| 336 ## - CONTENT TYPE | |
| Source | rdacontent |
| Content type term | text |
| 337 ## - MEDIA TYPE | |
| Source | rdamedia |
| Media type term | unmediated |
| 338 ## - CARRIER TYPE | |
| Source | rdacarrier |
| Carrier type term | volume |
| 500 ## - GENERAL NOTE | |
| General note | Precede al tít.: A. M. G. SS. C. J. |
| 942 ## - ADDED ENTRY ELEMENTS (KOHA) | |
| Item type | Monografías |
| Withdrawn status | Lost status | Damaged status | Not for loan | Home library | Current library | Date acquired | Total Checkouts | Full call number | Barcode | Date last seen | Price effective from | Koha item type | Public note |
|---|---|---|---|---|---|---|---|---|---|---|---|---|---|
| Iglesia Nacional Española en Roma | Iglesia Nacional Española en Roma | 03/12/2013 | HIS.ECL 11 | 1082 | 03/12/2013 | 03/12/2013 | Monografías | ||||||
| Iglesia Nacional Española en Roma | Iglesia Nacional Española en Roma | 03/12/2013 | HIS.ECL 214 | 1084 | 03/12/2013 | 03/12/2013 | Monografías | 2ª copia |